000
00304nam a22001097a 4500
082
_a
891.4393
_b
SHE
245
_a
Kuliyat e shamsul Rehman Farooqui/
_b
By:Shehnaz Nabi
300
_a
544p.
880
_6
100-01\r
_a
شہناز نبی
880
_6
245-02\r
_a
کلیات شمس الرحمٰن
942
_2
ddc
_c
BK
999
_c
613519
_d
613519